Pacific economic outlook 1995-1996

Salvato in:
Dettagli Bibliografici
Ente Autore: U.S. National Committee for Pacific Economic Cooperation (Autore)
Natura: Libro
Lingua:inglese
Pubblicazione: Washington, D.C PECC 1995
Soggetti:
Tags: Aggiungi Tag
Nessun Tag, puoi essere il primo ad aggiungerne!!

MARC

LEADER 00000nam a2200000 a 4500
001 UCO6250
003 CL-VaPUC
008 001020e19950000us |||||||||||||||||eng|d
082 0 4 |a 330.950  |b USN  |2 21 
110 2 |a U.S. National Committee for Pacific Economic Cooperation  |e author  |9 450983 
245 1 0 |a Pacific economic outlook 1995-1996 
300 |a 76 p 
942 |c BK 
945 |d 20001020 00:00:00  |a rbrito 
260 |a Washington, D.C  |b PECC  |c 1995 
650 0 |a Economía internacional  |9 258254 
650 7 |a BALANZA DE PAGO  |2 CL-VaPUC  |9 338673 
650 7 |a RECESION  |2 CL-VaPUC  |9 409493 
650 0 |a Inflación   |9 257218 
651 0 |a Asia  |9 268338 
651 7 |a PACIFICO  |2 CL-VaPUC  |9 441607 
583 |a last modification  |c 20171204 01:56:27  |k Rodrigo Vera 
999 |c 291905  |d 291903 
952 |0 0  |1 0  |4 0  |6 330_950000000000000_USN_1995  |7 0  |8 A  |9 342219  |a BIBGIM  |b BIBGIM  |d 2019-11-20  |i 3592537  |o 330.950 USN 1995  |p 3592537  |r 2025-01-15  |w 2019-11-20  |y BK  |k ORI